Word Ladder: Dine and Dash Quiz Stats

 Plays Quiz Updated Apr 13, 2018

Challenge
Share
Tweet
Embed
Score 0/10 Timer 01:00
7 Plays Today
Clue 3-Letter Word % Correct
What three strikes make•OUT•
95.8%
Disney's 'Be ___ Guest'OUR
94.9%
Make ___ of; ridiculeFUN
93.7%
Volkswagen BeetleBUG
93.1%
Animal peltFUR
92.5%
Compete in a race•RUN•
92.2%
Created a holeDUG
91.6%
Common conjunctionBUT
91.4%
Totally get what you're talking about, manDIG
90.5%
Baby back ribs source•PIG•
89.4%

Today's Daily Dose

You're not logged in!

Compare scores with friends on all Sporcle quizzes.
OR
Log In

You Might Also Like...

Show Comments

Extras

Top Quizzes Today


Score Distribution

Your Account Isn't Verified!

In order to create a playlist on Sporcle, you need to verify the email address you used during registration. Go to your Sporcle Settings to finish the process.

Report this User

Report this user for behavior that violates our Community Guidelines.

Details: